00418 2200169 4500001002100000008004100021035002000062245004100082100001400123260002400137300001800161020002200179084001400201082000800215650001000223990001500233INLIS000000000003257 ind  a0010-1225000078 aKobeng: Jiwa Yang TersesatcBung Kus aKus, Bung aJakarta :bGramedia a416c13x19 cm a978-623-0315-01-5 a813 KUS k a813 aFiksi a19732/B/26